[Event "2.Nord-West-Cup"]
[Site "?"]
[Date "2000.02.11"]
[Round "3"]
[White "Schenk, Uwe"]
[Black "Lewin, Tammo"]
[Result "0-1"]
[WhiteElo "2147"]
[BlackElo "1932"]
[PlyCount "141"]

1. c4 e5 2. g3 f5 3. Bg2 Nf6 4. Nc3 d6 5. d3 c6 6. e4 Be7 7. Nge2 Be6 8. b3 O-O
9. O-O Nbd7 10. h3 Qc7 11. Be3 Rad8 12. Rc1 fxe4 13. dxe4 Nb6 14. Qd2 Qd7 15.
Kh2 Qe8 16. Rcd1 Qh5 17. f3 h6 18. g4 Qh4 19. Bf2 Nxg4+ 20. fxg4 Rxf2 21. Rxf2
Qxf2 22. Qd3 Qh4 23. Kg1 Rf8 24. Ng3 g6 25. a4 Nd7 26. Nce2 Nf6 27. Rf1 Nh7 28.
Rxf8+ Bxf8 29. Kf1 Qf6+ 30. Qf3 Kf7 31. Nc3 Qxf3+ 32. Bxf3 Ng5 33. Bg2 Bd7 34.
Kf2 Ne6 35. Nge2 Nc5 36. Nc1 a5 37. Bf3 Be7 38. Bd1 Bh4+ 39. Ke2 Kf6 40. Kf3
Kg5 41. Bc2 h5 42. gxh5 gxh5 43. Kg2 Ne6 44. N1e2 Be1 45. Nd1 Nd4 46. Nxd4 exd4
47. Nb2 Kh4 48. Nd3 Bxh3+ 49. Kf3 Bg4+ 50. Kg2 Bb4 51. e5 dxe5 52. Nxe5 Kg5 53.
Nxg4 hxg4 54. Kg3 Bd6+ 55. Kf2 Kf4 56. Bg6 g3+ 57. Ke2 g2 58. Kf2 g1=Q+ 59.
Kxg1 Ke3 60. Kf1 Bg3 61. Bf5 Kd2 62. Kg2 Bd6 63. Kf2 Kc3 64. Ke2 Kxb3 65. Kd3
Be5 66. Bc8 Kxa4 67. Bxb7 c5 68. Ke2 Kb4 69. Bd5 a4 70. Be6 a3 71. Bf7 0-1

[Event "2.Nord-West-Cup"]
[Site "?"]
[Date "2000.02.12"]
[Round "5"]
[White "Schenk, Uwe"]
[Black "Gorman, Stephen"]
[Result "1-0"]
[WhiteElo "2147"]
[BlackElo "1838"]
[PlyCount "65"]

1. c4 e5 2. g3 Nf6 3. Bg2 Nc6 4. Nc3 Bb4 5. Nd5 Bc5 6. e3 O-O 7. Ne2 d6 8. O-O
a5 9. a3 Re8 10. b3 Bf5 11. d3 Rc8 12. Bb2 Nxd5 13. cxd5 Ne7 14. d4 exd4 15.
Nxd4 Bg6 16. Qd2 c6 17. dxc6 Nxc6 18. Nxc6 bxc6 19. b4 Bb6 20. Rfd1 d5 21. Qc3
f6 22. Rac1 axb4 23. axb4 Qe7 24. b5 d4 25. exd4 cxb5 26. Bd5+ Bf7 27. Bxf7+
Kxf7 28. Qb3+ Qe6 29. Qxb5 Red8 30. d5 Bxf2+ 31. Kxf2 Qf5+ 32. Kg1 Qe4 33. Qd3
1-0

[Event "2.Nord-West-Cup"]
[Site "?"]
[Date "2000.02.13"]
[Round "7"]
[White "Schenk, Uwe"]
[Black "Boehme, Arne"]
[Result "1-0"]
[WhiteElo "2147"]
[BlackElo "1783"]
[PlyCount "57"]

1. c4 e5 2. g3 Nf6 3. Bg2 d5 4. cxd5 Nxd5 5. Nf3 Bd6 6. O-O O-O 7. d4 e4 8. Ne5
f5 9. Qb3 c6 10. Nc3 Bc7 11. Bf4 Kh8 12. Rac1 Bb6 13. Nxd5 cxd5 14. Bg5 Qe8 15.
Qxd5 Be6 16. Qxb7 Nd7 17. Nxd7 Bxd7 18. Rfd1 Rb8 19. Qd5 Be6 20. Qe5 Bxa2 21.
Qxe8 Rfxe8 22. d5 h6 23. Bf4 Rbd8 24. d6 Bb3 25. Rd2 Rd7 26. h4 Red8 27. Bh3 g6
28. h5 g5 29. Be5+ 1-0

[Event "2.Nord-West-Cup"]
[Site "?"]
[Date "2000.02.10"]
[Round "1"]
[White "Schlichtmann, Gisbert"]
[Black "Lukossek, Thomas"]
[Result "1/2-1/2"]
[WhiteElo "2213"]
[BlackElo "1699"]
[PlyCount "149"]

1. d4 d5 2. c4 e6 3. Nc3 Nf6 4. Nf3 Be7 5. Bf4 c6 6. e3 O-O 7. h3 b6 8. Qc2
Nbd7 9. Bd3 h6 10. O-O-O Ba6 11. cxd5 Bxd3 12. Qxd3 cxd5 13. g4 Rc8 14. Kb1 Bb4
15. g5 hxg5 16. Nxg5 Re8 17. Rhg1 Bxc3 18. bxc3 e5 19. Nxf7 e4 20. Nxd8 exd3
21. Nb7 Rxc3 22. Nd6 Re6 23. Nf5 Nh5 24. Rd2 g6 25. Kb2 Rc2+ 26. Rxc2 dxc2 27.
Bh2 Kh7 28. Nh4 Rc6 29. Rc1 g5 30. Nf3 Kg6 31. Ne5+ Nxe5 32. Bxe5 Nf6 33. Rxc2
Rxc2+ 34. Kxc2 Ne4 35. Bg3 b5 36. Kb3 Kf5 37. Kb4 a6 38. a3 Nd2 39. Ka5 Nc4+
40. Kxa6 Nxa3 41. Ka5 Nc4+ 42. Kxb5 Nd2 43. Kc6 Ke4 44. Kd6 Nf3 45. Ke6 Ng1 46.
h4 gxh4 47. Bxh4 Nf3 48. Bg3 Nd2 49. Bc7 Nf3 50. Be5 Ng5+ 51. Kd6 Nf3 52. Bg3
Nd2 53. Bf4 Nf3 54. Be5 Nh4 55. Ke6 Nf3 56. Bf6 Nd2 57. Bh8 Nf3 58. Bg7 Ng5+
59. Kd6 Nf3 60. Bf6 Nd2 61. Kc5 Nf3 62. Kc6 Nd2 63. Kb5 Nf3 64. Kb4 Nd2 65. Kc3
Nf3 66. Kc2 Ne1+ 67. Kd2 Nf3+ 68. Ke2 Ng1+ 69. Kf1 Nf3 70. Kg2 Ne1+ 71. Kg3 Nf3
72. Be7 Nd2 73. Kg4 Nf3 74. Kg3 Nd2 75. f4 1/2-1/2

[Event "2.Nord-West-Cup"]
[Site "?"]
[Date "2000.02.11"]
[Round "3"]
[White "Schlichtmann, Gisbert"]
[Black "Krause, Thomas"]
[Result "0-1"]
[WhiteElo "2213"]
[BlackElo "2186"]
[PlyCount "44"]

1. Nf3 d5 2. c4 c6 3. e3 Nf6 4. Nc3 e6 5. d4 Nbd7 6. Qc2 Be7 7. Bd3 O-O 8. b3
b6 9. O-O Bb7 10. Bb2 c5 11. Rfd1 cxd4 12. Nxd4 Rc8 13. e4 dxc4 14. Bxc4 Qc7
15. f3 Bd6 16. g3 Qb8 17. Kh1 Ne5 18. Be2 Bb4 19. a3 Bxc3 20. Bxc3 Neg4 21.
Rdc1 Nxe4 22. Qb2 Nxg3+ 0-1

[Event "2.Nord-West-Cup"]
[Site "?"]
[Date "2000.02.12"]
[Round "5"]
[White "Schlichtmann, Gisbert"]
[Black "Tschetschelnizki, Boris"]
[Result "1-0"]
[WhiteElo "2213"]
[BlackElo "2272"]
[PlyCount "121"]

1. d4 e6 2. g3 f5 3. Bg2 Nf6 4. Nh3 Be7 5. O-O O-O 6. Nd2 Nc6 7. c3 d5 8. Nf3
Ne4 9. Nf4 Bd7 10. Qc2 Bd6 11. c4 Nf6 12. Rd1 Kh8 13. a3 a5 14. Ng5 Bxf4 15.
Bxf4 Ne4 16. Nf3 Be8 17. Qb3 Rb8 18. Rac1 a4 19. Qc2 Ra8 20. b4 axb3 21. Qxb3
Na5 22. Qb4 Bc6 23. cxd5 exd5 24. Ne5 Nd6 25. Rc5 Ndc4 26. h4 Ra6 27. Nxc6 bxc6
28. Bxc7 Qa8 29. Rb1 h6 30. e3 Ra7 31. Bxa5 Nxa5 32. Bf1 Rc8 33. Bd3 Rf8 34.
Qc3 Qd8 35. Kg2 Kg8 36. Qc2 Qd7 37. Qc3 Qd8 38. Rb4 Qd7 39. Rb6 Rfa8 40. Qb4
Kh7 41. g4 Qd8 42. h5 Kg8 43. Bxf5 Kh8 44. Kh3 Kg8 45. Kg2 Kh8 46. Kf1 Kg8 47.
Bd3 Qf8 48. Rc2 Qd8 49. Rb2 Kf7 50. Bg6+ Kf6 51. Rc2 Rc7 52. Rc5 Rca7 53. e4
dxe4 54. Rf5+ Ke6 55. d5+ Kd7 56. dxc6+ Kc8 57. Rf8 Kc7 58. Rxd8 Rxd8 59. Rb5
Nxc6 60. Qc5 Rd1+ 61. Ke2 1-0

[Event "2.Nord-West-Cup"]
[Site "?"]
[Date "2000.02.13"]
[Round "7"]
[White "Schlichtmann, Gisbert"]
[Black "Niebergall, Gerhard"]
[Result "0-1"]
[WhiteElo "2213"]
[BlackElo "2113"]
[PlyCount "58"]

1. Nf3 d5 2. c4 c6 3. e3 Nf6 4. Nc3 e6 5. d4 Nbd7 6. Qc2 Bd6 7. Bd3 O-O 8. O-O
dxc4 9. Bxc4 e5 10. h3 Qe7 11. Bb3 Re8 12. Bd2 h6 13. Nh4 Bb8 14. dxe5 Qxe5 15.
f4 Qh5 16. Nf3 Nc5 17. Ne2 Nxb3 18. Qxb3 Ne4 19. Be1 Bc7 20. Ng3 Nxg3 21. Bxg3
Bb6 22. Rae1 Be6 23. Qa3 Bc4 24. Rf2 Rad8 25. Rd2 Bd5 26. Ne5 f6 27. Ng4 Qg6
28. Kh2 h5 29. Nf2 h4 0-1

[Event "2.Nord-West-Cup"]
[Site "?"]
[Date "2000.02.10"]
[Round "1"]
[White "Schluchter, Steffen"]
[Black "Buntemeyer, Axel"]
[Result "1-0"]
[WhiteElo "2183"]
[BlackElo "1589"]
[PlyCount "33"]

1. d4 Nf6 2. Nf3 e6 3. Bf4 Bb4+ 4. c3 Ba5 5. Nbd2 b5 6. e3 a6 7. a4 Nd5 8. axb5
axb5 9. b4 Nc6 10. bxa5 Nxc3 11. Qb3 b4 12. Ne5 Nxe5 13. Bxe5 f6 14. Bg3 c5 15.
Nc4 O-O 16. Bd6 Ba6 17. dxc5 1-0

[Event "2.Nord-West-Cup"]
[Site "?"]
[Date "2000.02.11"]
[Round "3"]
[White "Schluchter, Steffen"]
[Black "Mader, Sascha"]
[Result "1-0"]
[WhiteElo "2183"]
[BlackElo "1959"]
[PlyCount "120"]

1. d4 d5 2. Nf3 Nf6 3. Bf4 g6 4. e3 Bg7 5. Bd3 O-O 6. O-O Nh5 7. Bg5 f6 8. Bh4
Qe8 9. Nfd2 g5 10. Be2 gxh4 11. Bxh5 Qb5 12. Nc3 Qd7 13. h3 c6 14. Nf3 e5 15.
e4 dxe4 16. Nxe4 exd4 17. Qe2 f5 18. Nc5 Qd5 19. Nd3 Na6 20. Nxh4 Qe4 21. g3
Qxe2 22. Bxe2 Bd7 23. Rfe1 Rae8 24. Bh5 Re4 25. Ng2 Bc8 26. Ngf4 Rd8 27. a3 c5
28. Bf3 Rxe1+ 29. Rxe1 c4 30. Nc1 Nc7 31. Re7 Rd7 32. Nd5 Nxd5 33. Rxd7 Bxd7
34. Bxd5+ Kf8 35. Bxc4 Ke7 36. f4 Bc6 37. Bd3 Bd7 38. Kf2 Kd6 39. Nb3 b6 40.
Nd2 h6 41. Nf3 Bf6 42. Ke2 Kd5 43. a4 Bxa4 44. Bxf5 d3+ 45. Bxd3 Bxb2 46. g4
Bc3 47. g5 hxg5 48. fxg5 Bd7 49. h4 Bg4 50. Ke3 a5 51. Kf4 Bxf3 52. Kxf3 Kc5
53. h5 a4 54. Bg6 Kd6 55. Be8 a3 56. Bf7 Ke7 57. Bb3 Bd2 58. Kg4 Kf8 59. h6 b5
60. Kh5 b4 1-0

[Event "2.Nord-West-Cup"]
[Site "?"]
[Date "2000.02.11"]
[Round "2"]
[White "Schmidt, Harald"]
[Black "Judas, Sven"]
[Result "1-0"]
[WhiteElo "2215"]
[BlackElo "2076"]
[PlyCount "67"]

1. d4 c5 2. e4 cxd4 3. Qxd4 Nc6 4. Qe3 d6 5. Bd2 Nf6 6. Nc3 a6 7. O-O-O g6 8.
Nd5 Bg7 9. Bc3 Ng4 10. Qe1 Bxc3 11. Qxc3 O-O 12. Rd2 Be6 13. f3 Nf6 14. Bc4
Bxd5 15. Bxd5 Rc8 16. Bxc6 Rxc6 17. Qe3 Qa5 18. Kb1 Rfc8 19. Ne2 e5 20. Rhd1
Qb4 21. c3 Qc5 22. Qg5 Ne8 23. h4 b5 24. h5 b4 25. hxg6 fxg6 26. Qe7 Ng7 27.
cxb4 Qxb4 28. Rxd6 Re8 29. Qxe8+ Nxe8 30. Rxc6 Qb5 31. Rc2 Nf6 32. Nc3 Qa5 33.
Nd5 Nxd5 34. exd5 1-0

[Event "2.Nord-West-Cup"]
[Site "?"]
[Date "2000.02.11"]
[Round "3"]
[White "Schmidt, Harald"]
[Black "Lingnau, Carsten"]
[Result "0-1"]
[WhiteElo "2215"]
[BlackElo "2366"]
[PlyCount "90"]

1. a3 d5 2. e3 Nf6 3. c4 e6 4. Nf3 Be7 5. d4 O-O 6. Nc3 b6 7. cxd5 exd5 8. b4
Bb7 9. Be2 a6 10. O-O Bd6 11. Qb3 Qe7 12. b5 axb5 13. Nxb5 Ba6 14. Re1 Nbd7 15.
Nxd6 Qxd6 16. a4 c5 17. Ba3 Bxe2 18. Rxe2 Qc6 19. dxc5 bxc5 20. Bb2 Ne4 21. h3
Rfb8 22. Qc2 Qa6 23. Ree1 Rb4 24. Red1 Qb7 25. Ra2 h6 26. Nd2 Nxd2 27. Rxd2 Nb6
28. Qxc5 Nxa4 29. Qc1 Rb8 30. Rxa4 Rxa4 31. Qc3 f6 32. Qc5 Ra2 33. Bc3 Rc8 34.
Qd4 Rc4 35. Qd3 Ra3 36. Rb2 Ra1+ 37. Kh2 Qc7+ 38. f4 Rxc3 39. Qxd5+ Kh7 40. Rb7
Qc8 41. Rd7 Ra8 42. e4 Rc2 43. Qf5+ Kh8 44. e5 fxe5 45. fxe5 Rc7 0-1

[Event "2.Nord-West-Cup"]
[Site "?"]
[Date "2000.02.12"]
[Round "5"]
[White "Schmidt, Harald"]
[Black "Kolthoff, Siegmund"]
[Result "0-1"]
[WhiteElo "2215"]
[BlackElo "2036"]
[PlyCount "80"]

1. e4 e6 2. d4 d5 3. e5 c5 4. Nf3 Nc6 5. Bd3 Nge7 6. O-O Bd7 7. Re1 cxd4 8. Bf4
Ng6 9. Bg3 Be7 10. Nbd2 Qb6 11. Nb3 Rc8 12. h4 Qd8 13. h5 Nh4 14. Nfxd4 Nxd4
15. Nxd4 g6 16. Bxh4 Bxh4 17. Qg4 Qg5 18. Qh3 Qxh5 19. Re3 Qh6 20. Nf3 Bg5 21.
Nxg5 Qxg5 22. Rae1 Qe7 23. Rf3 a6 24. Rf4 Bb5 25. Bxb5+ axb5 26. Qb3 O-O 27.
Rb4 Rxc2 28. Rxb5 Rc7 29. a4 Rfc8 30. Qe3 Rc4 31. b3 Re4 32. Qd2 Rxe1+ 33. Qxe1
Qg5 34. Qe3 Rc1+ 35. Kh2 Qh4+ 36. Qh3 Qxf2 37. Qg4 Qg1+ 38. Kg3 Rc3+ 39. Kh4
Qh2+ 40. Kg5 Qxe5+ 0-1

[Event "2.Nord-West-Cup"]
[Site "?"]
[Date "2000.02.13"]
[Round "7"]
[White "Schmidt, Harald"]
[Black "Krumwiede, Karsten"]
[Result "1-0"]
[WhiteElo "2215"]
[BlackElo "1994"]
[PlyCount "160"]

1. d4 Nf6 2. g3 g6 3. Bg2 d5 4. c4 dxc4 5. Qa4+ Nfd7 6. e4 Bg7 7. Ne2 O-O 8.
Qxc4 Nb6 9. Qd3 c5 10. d5 Nc6 11. O-O e6 12. Nbc3 exd5 13. Nxd5 Nb4 14. Nxb4
cxb4 15. Qb3 Be6 16. Qxb4 Bc4 17. Re1 a5 18. Qc5 Bxe2 19. Bg5 Bd4 20. Bxd8 Bxc5
21. Bxb6 Bxb6 22. Rxe2 Rfd8 23. Rc1 Rac8 24. Rxc8 Rxc8 25. b3 Rc1+ 26. Bf1 Kf8
27. Kg2 Ke7 28. Rd2 Bc5 29. Bb5 b6 30. f4 h5 31. a4 f6 32. Rd7+ Ke6 33. Rg7
Rc2+ 34. Kf1 Rxh2 35. Bc4+ Kd6 36. Rxg6 Ke7 37. Rg7+ Ke8 38. Bf7+ Kf8 39. Rh7
Rf2+ 40. Ke1 Rg2 41. Bd5 Bd4 42. e5 Rg1+ 43. Ke2 fxe5 44. f5 e4 45. Bxe4 Rxg3
46. Bf3 Rg5 47. Kd3 Bg7 48. Bxh5 Rxf5 49. Bg4 Rd5+ 50. Ke3 Rd6 51. Rh5 Bd4+ 52.
Ke4 Bc5 53. Ke5 Kg7 54. Be6 Rd1 55. Rg5+ Kh6 56. Rg2 Bd6+ 57. Kf6 Re1 58. Rg8
Be5+ 59. Ke7 Rd1 60. Bf5 Rd2 61. Rg6+ Kh5 62. Rxb6 Bc3 63. Rc6 Bb4+ 64. Kf6 Kh4
65. Ke5 Kg3 66. Ke4 Kf2 67. Rh6 Kg3 68. Rg6+ Kf2 69. Be6 Bc3 70. Rh6 Bb4 71.
Rh3 Kg2 72. Rh5 Kf2 73. Bd5 Kg3 74. Ke5 Kf2 75. Rh3 Ke2 76. Bc4+ Kf2 77. Ke4
Kg2 78. Rh6 Kf2 79. Bd3 Kg3 80. Rf6 Kg2 {Zeit} 1-0

[Event "2.Nord-West-Cup"]
[Site "?"]
[Date "2000.02.10"]
[Round "1"]
[White "Schmitz-Jordan, Juergen"]
[Black "Salov, Sergej"]
[Result "0-1"]
[WhiteElo "1849"]
[BlackElo "2299"]
[PlyCount "78"]

1. d4 Nf6 2. Nf3 g6 3. g3 Bg7 4. Bg2 O-O 5. O-O d6 6. c4 Nbd7 7. b3 e5 8. Bb2
e4 9. Ne1 c6 10. Nc3 Re8 11. Nc2 h5 12. Qd2 Nf8 13. d5 c5 14. Qf4 Qe7 15. Rab1
Bd7 16. a3 a6 17. Rfd1 Rac8 18. h3 N8h7 19. h4 Qf8 20. Bc1 b5 21. f3 exf3 22.
exf3 Ng4 23. Ne4 Ne5 24. cxb5 axb5 25. Qd2 Bf5 26. Qa5 Nxf3+ 27. Bxf3 Bxe4 28.
Bxe4 Rxe4 29. Qxb5 Be5 30. Rd3 Rb8 31. Qd7 Nf6 32. Qh3 c4 33. Re3 Rxe3 34. Nxe3
Rxb3 35. Rxb3 cxb3 36. Qg2 Qb8 37. Nc4 Bd4+ 38. Kh1 Qc7 39. Qe2 Qc5 0-1

[Event "2.Nord-West-Cup"]
[Site "?"]
[Date "2000.02.11"]
[Round "3"]
[White "Schmitz-Jordan, Juergen"]
[Black "Kohlmann, Christian"]
[Result "1-0"]
[WhiteElo "1849"]
[BlackElo "1051"]
[PlyCount "57"]

1. d4 f5 2. g3 Nf6 3. Bg2 e6 4. c4 d5 5. Nc3 c6 6. Nh3 Bd6 7. Bf4 O-O 8. O-O
Qe7 9. Rc1 Bd7 10. Qb3 Bxf4 11. Nxf4 Be8 12. cxd5 exd5 13. Ncxd5 Nxd5 14. Nxd5
cxd5 15. Bxd5+ Bf7 16. Qxb7 Nd7 17. Rc7 Rad8 18. Bc6 Be8 19. Qxa7 Qd6 20. Rc1
Rf7 21. Ba4 Qb6 22. Bb3 Qxa7 23. Rxa7 Nf6 24. Bxf7+ Bxf7 25. Rcc7 Rf8 26. b4
Nd5 27. Rcb7 h5 28. b5 Bg6 29. b6 1-0

[Event "2.Nord-West-Cup"]
[Site "?"]
[Date "2000.02.12"]
[Round "5"]
[White "Schmitz-Jordan, Juergen"]
[Black "van der Veen, Anne"]
[Result "1-0"]
[WhiteElo "1849"]
[BlackElo "1600"]
[PlyCount "51"]

1. d4 e6 2. Nf3 c5 3. g3 Nc6 4. Bg2 a6 5. O-O cxd4 6. Nxd4 Ne5 7. b3 Bc5 8. Bb2
Qc7 9. c4 Nf6 10. Nc3 h5 11. h4 Ng6 12. a3 Ba7 13. Qd2 Ng4 14. Rfd1 e5 15. Nd5
Qb8 16. f3 Nf6 17. e4 Nxd5 18. exd5 exd4 19. Re1+ Kd8 20. Qg5+ Kc7 21. c5 d6
22. Re7+ Nxe7 23. Qxe7+ Bd7 24. cxd6+ Kb6 25. Bxd4+ Ka5 26. Qe1+ 1-0

[Event "2.Nord-West-Cup"]
[Site "?"]
[Date "2000.02.13"]
[Round "7"]
[White "Schmitz-Jordan, Juergen"]
[Black "Campe, Uwe"]
[Result "1-0"]
[WhiteElo "1849"]
[BlackElo "1684"]
[PlyCount "77"]

1. d4 d5 2. Nf3 Nf6 3. g3 c6 4. Bg2 Nbd7 5. O-O g6 6. b3 Bg7 7. Bb2 O-O 8. Nbd2
Re8 9. c4 e5 10. dxe5 Ng4 11. e4 dxe4 12. Nxe4 Ndxe5 13. Nxe5 Qxd1 14. Raxd1
Nxe5 15. Nd6 Rd8 16. Kh1 Rb8 17. h3 h5 18. f4 Nd7 19. Bxg7 Kxg7 20. Rfe1 Kf8
21. f5 Nf6 22. fxg6 fxg6 23. Rf1 Kg7 24. c5 Be6 25. Rde1 Bd5 26. Bxd5 Nxd5 27.
Rf7+ Kg8 28. Rxb7 Rxb7 29. Nxb7 Rf8 30. Kg2 Rf6 31. Na5 Nb4 32. Re7 Nd3 33.
Rxa7 Rf2+ 34. Kg1 Rf3 35. Nxc6 Rxg3+ 36. Kh2 h4 37. Ra4 Nxc5 38. Rxh4 Rc3 39.
Rc4 1-0

[Event "2.Nord-West-Cup"]
[Site "?"]
[Date "2000.02.11"]
[Round "2"]
[White "Schneider, Florian"]
[Black "Meis, Eric"]
[Result "1-0"]
[WhiteElo "1779"]
[BlackElo "1932"]
[PlyCount "49"]

1. e4 d6 2. d4 Nf6 3. Nc3 c6 4. Nf3 Bg4 5. h3 Bh5 6. g4 Bg6 7. Bd3 Qa5 8. Bd2
Qc7 9. Qe2 e5 10. O-O-O Nbd7 11. Rhe1 Be7 12. Kb1 b5 13. g5 Ng8 14. dxe5 dxe5
15. Nxb5 cxb5 16. Bxb5 Bh5 17. Bc3 Rd8 18. Rxd7 Rxd7 19. Rd1 Bd6 20. Bxd7+ Qxd7
21. Bxe5 Bxf3 22. Qxf3 Bxe5 23. Rxd7 Kxd7 24. Qf5+ Kd6 25. f4 1-0

[Event "2.Nord-West-Cup"]
[Site "?"]
[Date "2000.02.13"]
[Round "6"]
[White "Schneider, Florian"]
[Black "Mulde, Ralf"]
[Result "0-1"]
[WhiteElo "1779"]
[BlackElo "1868"]
[PlyCount "50"]

1. e4 Nf6 2. Nc3 d5 3. e5 Ne4 4. Nce2 Nc5 5. d4 Ne6 6. f4 g6 7. Nf3 c5 8. c3
Nc6 9. Be3 c4 10. h3 Ng7 11. g4 h5 12. Rg1 hxg4 13. hxg4 b5 14. Ng5 Bd7 15. b4
Rh4 16. Nc1 a5 17. Rb1 axb4 18. cxb4 Ra4 19. Bf2 Rh8 20. Qf3 Nxb4 21. Rh1 Bxg4
22. Qg2 Rxh1 23. Qxh1 Qa5 24. Bg2 Nd3+ 25. Kf1 Qd2 0-1

[Event "2.Nord-West-Cup"]
[Site "?"]
[Date "2000.02.10"]
[Round "1"]
[White "Schnur, Gerhard"]
[Black "van Hove, Ode"]
[Result "1/2-1/2"]
[WhiteElo "2131"]
[BlackElo "1387"]
[PlyCount "74"]

1. d4 Nf6 2. c4 e5 3. dxe5 Ne4 4. Qc2 Bb4+ 5. Nd2 d5 6. exd6 Bf5 7. dxc7 Qxc7
8. a3 Bxd2+ 9. Bxd2 O-O 10. Qc1 Rd8 11. Nf3 Nc6 12. c5 Nd4 13. Nxd4 Rxd4 14.
Bf4 Qd7 15. e3 Rd5 16. b4 b5 17. f3 Nd2 18. e4 Nb3 19. Qb2 Nxa1 20. Qxa1 Re8
21. Be2 Bxe4 22. fxe4 Rxe4 23. Bd6 Qg4 24. Qa2 Qxg2 25. Rf1 Qg4 26. Bg3 Qe6 27.
Qc2 Rc4 28. Qb2 Qe3 29. Rf3 Rc1+ 30. Qxc1 Qxc1+ 31. Kf2 Qb2 32. c6 Rd8 33. c7
Rc8 34. Rd3 Qf6+ 35. Ke1 Qa1+ 36. Kf2 Qf6+ 37. Ke1 Qa1+ 1/2-1/2

[Event "2.Nord-West-Cup"]
[Site "?"]
[Date "2000.02.11"]
[Round "2"]
[White "Schoeler, Klaus"]
[Black "Zschischang, Marine"]
[Result "0-1"]
[WhiteElo "1627"]
[BlackElo "2037"]
[PlyCount "96"]

1. c4 e6 2. Nc3 Nf6 3. d4 d5 4. cxd5 exd5 5. Nf3 c6 6. g3 Bf5 7. Bg2 Bd6 8. O-O
Nbd7 9. Re1 O-O 10. Nh4 Bg4 11. Qc2 Qc7 12. Nf5 Bxf5 13. Qxf5 g6 14. Qd3 Rfe8
15. Bg5 Kg7 16. Rac1 Qb6 17. Na4 Qa5 18. Nc3 h6 19. Bd2 Qd8 20. e4 dxe4 21.
Nxe4 Nxe4 22. Rxe4 Rxe4 23. Bxe4 Nf6 24. Bg2 Qb6 25. Bc3 Nd5 26. Bxd5 cxd5 27.
Re1 Rd8 28. Qf3 Qc6 29. Qe3 Bf8 30. Qe5+ Kg8 31. h4 Bg7 32. Qe7 Bf6 33. Qe3 h5
34. Qf3 Kg7 35. Qe3 Qa4 36. a3 Rc8 37. Bb4 Qd7 38. Kh2 Qg4 39. Bc3 Qf5 40. Rd1
Rc6 41. Qd2 Qg4 42. Qd3 a6 43. f3 Qc8 44. Bd2 Rc2 45. Qe3 Rxb2 46. Qh6+ Kg8 47.
Qf4 Qc2 48. Qxf6 Qxd1 0-1

[Event "2.Nord-West-Cup"]
[Site "?"]
[Date "2000.02.12"]
[Round "4"]
[White "Schoeler, Klaus"]
[Black "Fischbach, Harald"]
[Result "0-1"]
[WhiteElo "1627"]
[BlackElo "2183"]
[PlyCount "88"]

1. c4 Nf6 2. d4 g6 3. Nc3 Bg7 4. Nf3 O-O 5. g3 d6 6. Bg2 c5 7. d5 Nbd7 8. O-O
a6 9. e4 Rb8 10. Qc2 b5 11. cxb5 axb5 12. Rb1 c4 13. Ne2 Nc5 14. Nfd4 Bd7 15.
Bg5 Qb6 16. Be3 Ng4 17. Qd2 Nxe3 18. Qxe3 e6 19. dxe6 fxe6 20. Nc2 Nd3 21. b3
Qc5 22. Qxc5 dxc5 23. f4 Ra8 24. a3 cxb3 25. Rxb3 c4 26. Rbb1 Bb2 27. e5 Ra7
28. Ned4 Ra6 29. Rfd1 Rb8 30. Be4 Bxd4+ 31. Nxd4 Nc5 32. Nc2 Be8 33. Bf3 g5 34.
Rd4 Nb3 35. Rd6 Rxd6 36. exd6 Bg6 37. Re1 Bxc2 38. Rxe6 Nd4 39. Re3 Nxf3+ 40.
Rxf3 Rd8 41. Rf2 Ba4 42. Rd2 c3 43. Rd5 gxf4 44. gxf4 c2 0-1

[Event "2.Nord-West-Cup"]
[Site "?"]
[Date "2000.02.12"]
[Round "5"]
[White "Schoeler, Klaus"]
[Black "Lammers, Markus"]
[Result "1-0"]
[WhiteElo "1627"]
[BlackElo "1265"]
[PlyCount "73"]

1. c4 e5 2. Nc3 Nf6 3. g3 c6 4. Bg2 Bb4 5. a3 Bc5 6. b4 Be7 7. d3 d5 8. cxd5
Nxd5 9. Qc2 Nxc3 10. Qxc3 Bf6 11. Bb2 O-O 12. Qc2 Be6 13. Nf3 Nd7 14. O-O Qc7
15. Nd2 Nb6 16. Ne4 Be7 17. Nc5 Bd5 18. e4 Be6 19. Nxe6 fxe6 20. Qc3 Qd7 21.
Rad1 Rad8 22. Qb3 Bf6 23. Bh3 Rfe8 24. Bf5 Nc8 25. Kg2 Nd6 26. Bg4 Qe7 27. a4
Kf7 28. f4 exf4 29. Rxf4 Kg8 30. e5 Bg5 31. exd6 Rxd6 32. Rf3 h6 33. b5 Qd7 34.
Bh5 Rf8 35. Rxf8+ Kxf8 36. Ba3 cxb5 37. Qxb5 1-0

[Event "2.Nord-West-Cup"]
[Site "?"]
[Date "2000.02.11"]
[Round "2"]
[White "Schuette, Marc"]
[Black "Porth, Hartmut"]
[Result "0-1"]
[WhiteElo "2249"]
[BlackElo "2198"]
[PlyCount "84"]

1. e4 d5 2. exd5 Qxd5 3. Nc3 Qa5 4. Bc4 Nf6 5. Nf3 Bg4 6. h3 Bh5 7. d4 c6 8.
O-O e6 9. Re1 Be7 10. Re5 Qd8 11. g4 Bg6 12. Re1 Nbd7 13. Bf4 O-O 14. Qe2 Re8
15. Rad1 Nd5 16. Nxd5 exd5 17. Bb3 Bb4 18. Qxe8+ Qxe8 19. Rxe8+ Rxe8 20. c3 Ba5
21. Nh4 Bd8 22. Nxg6 fxg6 23. c4 Nb6 24. c5 Nd7 25. Be3 Nf6 26. Rd3 Ne4 27. f3
Ng5 28. Kg2 Ne6 29. Bd1 Bc7 30. Rb3 b5 31. a4 a6 32. axb5 axb5 33. Ra3 Nf4+ 34.
Kf1 Nxh3 35. Ra7 Bf4 36. Bxf4 Nxf4 37. Rc7 Re6 38. Bb3 g5 39. Bc2 g6 40. Bb1
Ne2 41. Bf5 gxf5 42. gxf5 Ng3+ 0-1

[Event "2.Nord-West-Cup"]
[Site "?"]
[Date "2000.02.12"]
[Round "4"]
[White "Schuette, Marc"]
[Black "Henrichsen, Jens"]
[Result "1/2-1/2"]
[WhiteElo "2249"]
[BlackElo "2059"]
[PlyCount "101"]

1. e4 c5 2. Nf3 Nc6 3. d4 cxd4 4. Nxd4 Nf6 5. Nc3 e5 6. Ndb5 d6 7. Bg5 a6 8.
Na3 b5 9. Nd5 Be7 10. Bxf6 Bxf6 11. c3 O-O 12. Nc2 Bg5 13. h4 Bh6 14. g4 Bf4
15. Qf3 Rb8 16. Rd1 Be6 17. Nxf4 exf4 18. Qxf4 Ne5 19. Nd4 Bxg4 20. f3 Be6 21.
Bh3 b4 22. Qg3 bxc3 23. bxc3 Bxh3 24. Rxh3 Qf6 25. f4 Nc4 26. Rh2 Rfe8 27. Re2
Rb2 28. Qg5 Rxe2+ 29. Nxe2 Qxg5 30. hxg5 Rxe4 31. Rb1 g6 32. Kf2 Kg7 33. Rb7 d5
34. Rd7 Nb6 35. Rb7 Nc4 36. Rd7 Nb6 37. Ra7 Ra4 38. Rb7 Nc4 39. Rd7 Rxa2 40.
Rxd5 Rd2 41. Rc5 Nd6 42. Ke3 Rd1 43. Nd4 Re1+ 44. Kd3 Rd1+ 45. Kc2 Rf1 46. Rc7
Kf8 47. Rc6 Ke7 48. Ne2 a5 49. Ra6 Rf2 50. Kd3 Rf3+ 51. Kd4 1/2-1/2

[Event "2.Nord-West-Cup"]
[Site "?"]
[Date "2000.02.13"]
[Round "6"]
[White "Schuette, Marc"]
[Black "Issel, Oliver"]
[Result "0-1"]
[WhiteElo "2249"]
[BlackElo "1980"]
[PlyCount "92"]

1. e4 e6 2. d4 d5 3. Nc3 Bb4 4. e5 c5 5. a3 Bxc3+ 6. bxc3 Qc7 7. Nf3 b6 8. Bb5+
Nc6 9. Bd3 f5 10. c4 Nge7 11. dxc5 bxc5 12. O-O O-O 13. cxd5 exd5 14. c4 d4 15.
Re1 Nd8 16. Ng5 h6 17. Nh3 Ne6 18. f4 Bb7 19. Qa4 Bc6 20. Qc2 Rab8 21. Bd2 Ba8
22. Reb1 Qc6 23. Bc1 g6 24. Ra2 Rxb1 25. Qxb1 Kg7 26. a4 Qc7 27. Bd2 Rb8 28.
Qc2 a5 29. Kf1 Nc6 30. Rb2 Rxb2 31. Qxb2 Nb4 32. Be2 Be4 33. Bxb4 axb4 34. g3
Qc6 35. Bd1 Bd3+ 36. Be2 Qxa4 37. Bxd3 Qd1+ 38. Kf2 Qxd3 39. Qa2 Qa3 40. Qe2 b3
41. Qf3 Qb2+ 42. Kg1 Qc1+ 43. Kg2 Qc2+ 44. Nf2 Kh7 45. Qd3 Qc3 46. g4 Nxf4+ 0-1

[Event "2.Nord-West-Cup"]
[Site "?"]
[Date "2000.02.11"]
[Round "2"]
[White "Schweitzer, Paul"]
[Black "Hundack, Rolf"]
[Result "0-1"]
[WhiteElo "1686"]
[BlackElo "2252"]
[PlyCount "94"]

1. Nf3 Nf6 2. d4 g6 3. c3 Bg7 4. Nbd2 O-O 5. e3 d6 6. Be2 Nbd7 7. a4 e5 8. h4
Qe7 9. Kf1 Re8 10. a5 Nf8 11. b3 exd4 12. cxd4 Bg4 13. Ba3 Nd5 14. Rc1 Bh6 15.
Nc4 b5 16. Nce5 Bd7 17. Nxd7 Qxd7 18. Ng5 f6 19. Bf3 c6 20. Bxd5+ cxd5 21. Qf3
fxg5 22. Qxd5+ Qf7 23. Qxf7+ Kxf7 24. hxg5 Bxg5 25. Bxd6 Rac8 26. Rc5 Be7 27.
Bxe7 Kxe7 28. Ke2 Rxc5 29. dxc5 h5 30. Rh4 Ne6 31. b4 Rh8 32. g4 Ng7 33. gxh5
Rxh5 34. Rg4 g5 35. Re4+ Ne6 36. Re5 Rh4 37. f4 gxf4 38. c6 fxe3 39. c7 Rc4 40.
Kxe3 a6 41. c8=N+ Rxc8 42. Kd3 Kd6 43. Re4 Rc4 44. Rxc4 bxc4+ 45. Kxc4 Kc6 46.
Kd3 Kb5 47. Kc3 Nc7 0-1

[Event "2.Nord-West-Cup"]
[Site "?"]
[Date "2000.02.12"]
[Round "4"]
[White "Schweitzer, Paul"]
[Black "Seyd, Tareq"]
[Result "0-1"]
[WhiteElo "1686"]
[BlackElo "2095"]
[PlyCount "62"]

1. Nf3 Nf6 2. d4 d6 3. Nbd2 Nbd7 4. e3 g6 5. Be2 Bg7 6. c3 e5 7. dxe5 dxe5 8.
h4 e4 9. Nd4 h5 10. a4 Ne5 11. a5 O-O 12. b4 Bg4 13. f3 exf3 14. gxf3 Bd7 15.
Qc2 Nd5 16. Ne4 Bh6 17. f4 Ng4 18. Bxg4 Bxg4 19. Nf2 Qe8 20. Qe4 Qxe4 21. Nxe4
Rfe8 22. Nc5 Nxe3 23. Bxe3 Rxe3+ 24. Kf2 Bxf4 25. Nxb7 Rxc3 26. Nb5 Rc2+ 27.
Kg1 Bf3 28. Na3 Re2 29. Nc5 Be3+ 30. Kf1 Rf2+ 31. Ke1 Re8 0-1